| 000 | 00409nam a2200169Ia 4500 | ||
|---|---|---|---|
| 001 | 17690 | ||
| 003 | IN-NITTTR | ||
| 005 | 20251114233207.0 | ||
| 008 | 251113s9999||||xx |||||||||||||| ||eng|| | ||
| 040 | _beng | ||
| 040 | _cIN-NITTTR | ||
| 041 | _aeng | ||
| 082 | _a621.3984 W832C | ||
| 100 | _aWolfe, Gordon W. | ||
| 245 | 0 |
_aComputer peripherals that you can build. / _cWolfe, Gordon W. |
|
| 942 |
_2ddc _cBK |
||
| 999 |
_c20324 _d20324 |
||